000 00335nam a2200133Ia 4500
008 240112s1965/JUL-DEC xx 000 0 und d
041 _aeng
082 _a616.05
100 _aELKINTON J.R.
245 _aANNUALS OF INTERNAL MEDICINE
260 _bLANCASTER PRESS
_c1965/JUL-DEC
300 _a1188,HB
_c(7-12)
440 _v63
999 _c1141236
_d1141236